Statistics for Dog Breeds by Picture #3

Click here to take the quiz!

General Stats

  • This quiz has been taken 533 times
  • The average score is 10 of 16

Answer Stats

Answer% Correct
Golden Retriever
91%
Bloodhound
88%
Rottweiler
87%
French Bulldog
77%
Rough Collie
73%
Dobermann
72%
Jack Russell Terrier
72%
Australian Cattle Dog
68%
Whippet
64%
Schnauzer
59%
Newfoundland
55%
Scottish Terrier
48%
Weimaraner
44%
Chinese Crested
43%
Pekingese
40%
Border Terrier
28%

Score Distribution

Percentile by Number Answered

Percent of People with Each Score

Your Score History

You have not taken this quiz